<?xml version="1.0" encoding="UTF-8"?>
<record
    xmlns:xsi="http://www.w3.org/2001/XMLSchema-instance"
    xsi:schemaLocation="http://www.loc.gov/MARC21/slim http://www.loc.gov/standards/marcxml/schema/MARC21slim.xsd"
    xmlns="http://www.loc.gov/MARC21/slim">

  <leader>02102nab a2200301 i 4500</leader>
  <controlfield tag="003">BR-BrBNA</controlfield>
  <controlfield tag="005">20250430095209.0</controlfield>
  <controlfield tag="008">250430b        bl.||||| |||| 00| 0 spa |</controlfield>
  <datafield tag="040" ind1=" " ind2=" ">
    <subfield code="a">BR-BrBNA</subfield>
    <subfield code="b">spa</subfield>
  </datafield>
  <datafield tag="072" ind1=" " ind2=" ">
    <subfield code="a">F70</subfield>
  </datafield>
  <datafield tag="100" ind1=" " ind2=" ">
    <subfield code="a">Vega, Hermes </subfield>
  </datafield>
  <datafield tag="100" ind1=" " ind2=" ">
    <subfield code="a">Hern&#xE1;ndez, Delmer J. </subfield>
  </datafield>
  <datafield tag="100" ind1=" " ind2=" ">
    <subfield code="a">Cetzal-Ix, William </subfield>
  </datafield>
  <datafield tag="100" ind1=" " ind2=" ">
    <subfield code="a">Romero-Soler, Katya </subfield>
  </datafield>
  <datafield tag="100" ind1=" " ind2=" ">
    <subfield code="a">Solis, Mario </subfield>
  </datafield>
  <datafield tag="100" ind1=" " ind2=" ">
    <subfield code="a">M&#xF3;, Edgar </subfield>
  </datafield>
  <datafield tag="245" ind1=" " ind2=" ">
    <subfield code="a">Nuevos registros de Gentianaceae y Lentibulariaceae para Honduras</subfield>
  </datafield>
  <datafield tag="500" ind1=" " ind2=" ">
    <subfield code="a">Publica&#xE7;&#xE3;o on-line; 12 ref.; 4 illus.; Summaries (En, Es)</subfield>
  </datafield>
  <datafield tag="520" ind1=" " ind2=" ">
    <subfield code="a">

Resumen

Se presentan nuevos registros de Gentianaceae y Lentibulariaceae para la flora de Honduras. Utricularia
endresii de los departamentos Atl&#xE1;ntida, Comayagua y Olancho, U. jamesoniana (Lentibulariaceae) de
los departamentos Atl&#xE1;ntida, Comayagua, Gracias a Dios y Olancho y Voyria truncata (Gentaniaceae) del
departamento Comayagua. Adem&#xE1;s, se proveen ilustraciones para las especies y un mapa de distribuci&#xF3;n.

Palabras clave: &#xE1;reas naturales protegidas, flor&#xED;stica, plantas carn&#xED;voras, saprofitas.




Abstract

New records of Gentianaceae and Lentibulariaceae for the Hondurean flora are presented. Utricularia
endresii of the departments of Atl&#xE1;ntida, Comayagua and Olancho, U. jamesoniana (Lentibulariaceae)
of the departments of Atl&#xE1;ntida, Comayagua, Gracias a Dios and Olancho, and Voyria truncata
(Gentaniaceae) of the department of Comayagua. Furthermore, illustrations for the species and a
distribution map are provided.

Key words: natural protected areas, floristic, carnivorous plants, saprophytes.</subfield>
  </datafield>
  <datafield tag="650" ind1=" " ind2=" ">
    <subfield code="a">COMPOSI&#xC7;&#xC3;O BOT&#xC2;NICA</subfield>
  </datafield>
  <datafield tag="650" ind1=" " ind2=" ">
    <subfield code="a">PLANTA CARN&#xCD;VORA</subfield>
  </datafield>
  <datafield tag="650" ind1=" " ind2=" ">
    <subfield code="a">TAXONOMIA</subfield>
  </datafield>
  <datafield tag="650" ind1=" " ind2=" ">
    <subfield code="a">GENTIANACEAE</subfield>
  </datafield>
  <datafield tag="773" ind1="0" ind2=" ">
    <subfield code="0">709</subfield>
    <subfield code="9">349998</subfield>
    <subfield code="d">Rio de Janeiro-RJ Jardim Botanico do Rio de Janeiro 1935</subfield>
    <subfield code="o">2025-2520</subfield>
    <subfield code="t">Rodrigu&#xE9;sia (Brazil)</subfield>
    <subfield code="x">0370-6583; 2175-7860 on-line</subfield>
    <subfield code="g">v. 68(2) p. 771-778; (2017)</subfield>
    <subfield code="w">BR2025000811</subfield>
  </datafield>
  <datafield tag="856" ind1=" " ind2=" ">
    <subfield code="u">https://www.scielo.br/j/rod/a/mryhWSXBJXN8C9XvTqsYKcP/?format=pdf&amp;lang=es</subfield>
  </datafield>
  <datafield tag="942" ind1=" " ind2=" ">
    <subfield code="c">ANA</subfield>
  </datafield>
  <datafield tag="999" ind1=" " ind2=" ">
    <subfield code="c">331277</subfield>
    <subfield code="d">331277</subfield>
  </datafield>
</record>
